El desafío americano
Guardat en:
| Autor principal: | |
|---|---|
| Format: | Llibre |
| Idioma: | espanyol |
| Publicat: |
Santiago
Zig-Zag
1969
|
| Edició: | 10a. ed |
| Matèries: | |
| Etiquetes: |
Afegir etiqueta
Sense etiquetes, Sigues el primer a etiquetar aquest registre!
|
MARC
| LEADER | 00000nam a2200000 a 4500 | ||
|---|---|---|---|
| 001 | UCX0187 | ||
| 003 | CL-VaPUC | ||
| 008 | 890824e19690000CL |||||||||||||||||spa|d | ||
| 082 | 0 | 4 | |a 330.122 |b SER |2 21 |
| 100 | 0 | |a Servan-Schreiber, Jean-Jacques |e author |9 315583 | |
| 245 | 1 | 3 | |a El desafío americano |
| 250 | |a 10a. ed | ||
| 300 | |a 326 p | ||
| 942 | |c BK | ||
| 945 | |d 19890824 00:00:00 | ||
| 260 | |a Santiago |b Zig-Zag |c 1969 | ||
| 650 | 7 | |a RELACIONES CON EUROPA |2 CL-VaPUC |9 315584 | |
| 651 | 0 | |a Estados Unidos |9 255178 | |
| 583 | |a last modification |c 19890824 00:00:00 |k Rodrigo Vera | ||
| 999 | |c 221878 |d 221876 | ||
| 952 | |0 0 |1 0 |4 0 |6 330_122000000000000_SER_1969 |7 0 |8 A |9 215883 |a BIBHIS |b BIBHIS |d 2019-11-15 |i 2844346 |o 330.122 SER 1969 |p 2844346 |r 2025-01-20 |w 2019-11-15 |y BK |k HIS | ||